Johannes Stobäus aus Graudenz

Titel: Johannes Stobäus aus Graudenz : Komponist und Kurfürstlicher Kapellmeister am Königsberger Hof
Verfasser:
In: Westpreußen-Jahrbuch, Band 34 (1984), Seite 83-98, Abb., 1 Kt.
alle Artikel anzeigen
Veröffentlicht: 1984
Format: Aufsatz
Sprache: Deutsch
Kein Bild verfügbar
X
alg: 39189648
001A    $01999:11-11-16 
001B    $01999:16-05-21 $t20:16:54.000 
001C    $06050:19-11-16 $t08:47:19.000 
001D    $01999:11-11-16 
001U    $0utf8 
001X    $00 
002@    $0Aox 
003@    $0391896482 
007A    $0391896482 $aHEB 
007T    $0Herd24046 
010@    $ager 
011@    $a1984 
021A    $aJohannes Stobäus aus Graudenz $dKomponist und Kurfürstlicher Kapellmeister am Königsberger Hof 
028A    $aSiebert $dMarta 
031A    $d34 $h83-98, Abb., 1 Kt. $j1984 
039B    $aIn $8--Abvc--. Westpreußen-Jahrbuch. - Münster, Westf. : Westpreussen-Verl., 1950-. - ISSN 0511-8484 $x198400000340000917 $9047267720 
045F    $a929.094382 $eDDC23BSB 
045F/01 $a929 
045F/03 $g4382 
045F/03 $g43832 
045T    $a8,1 

lok: 39189648 78

exp: 39189648 78 1 #EPN
201B/01 $026-06-18 $t22:53:27.000 
201U/01 $0utf8 
203@/01 $0787992089 
208@/01 $a11-11-16 $be 
209A/01 $a/ $f000 $x00 
220C/01 $aTitelaufnehmer: kl 
244Z/01 $2Trx $#Prusy Wschodnie i Zachodnie $8--Trx--Ost- und Westpreußen $x01 $939113373X 
244Z/01 $#Königsberg Preußen $#Königsberg i. Pr. $#Königsberg Pr. $#Königsberg in Ostpreußen $#Königsberg Ostpreußen $#Königsberg (Pr.) $#Königsberg Pregel $#Stadtgemeinde Königsberg $#Königsbergk $#Kaliningrad $#Karaliánčins $#Krulevec $#Karaláuczuje $#Królewiec $#Karaliaučius $#Regimontanus $#Regiomontium $#Regiomontum $#Regiomontum Borussiae $#Калининград $74031541-1 $8--Tg1--Königsberg $x02 $908508364X 
244Z/01 $#Graudenz $72033490-4 $8--Tg1--Grudziądz $x03 $9042856094 
244Z/01 $aGeschichte 1580-1646 $x04 
244Z/01 $2Trx $#Stobäus, Johann $8--Trx--Stobäus, Johannes$Z1580-1646 $x05 $9391046837 
244Z/01 $2Trx $#heliloojad $#kompozitoriai $#composers $#zeneszerzök $#kompozytorzy $#skladatelia $#skladatelé $8--Trx--Komponisten $x06 $9391353837 
244Z/01 $2Trx $#muusikud $#muzikai $#musicians $#zenész $#muzycy $#hudobníci $#hudebníci $8--Trx--Musiker $x07 $9391353314 
244Z/01 $2Trx $8--Trx--Zeitschriftenaufsatz $x08 $9391384341 
245Z/01 $a12.03 $x01 
247C/01 $82080>Marburg/Lahn, Herder-Institut, Forschungsbibliothek, Bibliographieportal $9336309341
LEADER 00000caa a22000002c 4500
001 391896482
003 DE-603
005 20210516201654.0
007 tu
008 161111s1984 xx |||| | u00||u|ger c
035 |a (DE-599)HEB391896482 
040 |a DE-603  |b ger  |c DE-603  |d DE-603 
041 |a ger 
082 0 4 |8 1\u  |a 929.094382  |q DE-101  |2 23/BSB 
084 |a 8,1  |2 ssgn 
085 |8 1\u  |b 929 
085 |8 1\u  |z 2  |s 4382 
085 |8 1\u  |z 2  |s 43832 
100 1 |a Siebert, Marta 
245 0 0 |a Johannes Stobäus aus Graudenz  |b Komponist und Kurfürstlicher Kapellmeister am Königsberger Hof 
264 0 |c 1984 
773 0 8 |i In  |t Westpreußen-Jahrbuch  |d Münster, Westf. : Westpreussen-Verl., 1950-  |x 0511-8484  |g Band 34 (1984), Seite 83-98, Abb., 1 Kt.  |w (DE-603)047267720  |w (DE-600)202713-6 
924 0 |9 2080  |a (DE-603)787992089  |b DE-2080  |c HES  |d d  |g /